000 00637nam a2200217 i 4500
001 113352
003 ES-MaACL
005 20250805062608.0
007 t|
008 061121s1979 sp |||| | spa d
100 1 _aNisbet, Robert A.
_985766
245 1 3 _aLa sociología como forma de arte /
_cRobert A. Nisbet ; traducción de Consuelo Luca de Tena.
260 _aMadrid :
_bEspasa Calpe,
_c1979.
300 _a206 p. ;
_c19 cm.
490 1 _aBoreal
650 7 _aSociología
_2embne
_917195
700 1 _aLuca de Tena, Consuelo.
_974511
830 0 _aBoreal
_9182385
852 _aES-MaACL
_jA-10685
999 _c113352
_d113352